000
00294nam a2200133 4500
008
181031b xxu||||| |||| 00| 0 eng d
020
_a
0071417370
041
_a
eng
080
_a
339
100
_a
59
101
_a
TRE
245
_a
Secrets of the Undergroundtrader
_c
Yu,J
942
_2
ddc
_c
BK
999
_c
51307
_d
51307